00891nam a2200217 a 450000100100000000500170001000800410002704000250006808200200009310000350011324500530014826000630020130000280026459000270029265000280031965000310034791000370037895201180041595201230053399900170065600001047720240412074219.0091007s1973 dr a 000 p spa d aDO-SdBNPbspacBNPHU aRD861.44bM358e1 aMarra de Alvarez, Gilda92548010aEstatuario espiritual /cGilda Marra de Alvarez. aSanto Domingo :bDirectorio Comercial e Industrial,c1973. a106 p. :bil. ;c24 cm. aInventariado, 2019/MFF 0aPoesía dominicana966 0aLiteratura dominicana.967 aValidado. Control de calidad MFF 0010718PDaPDbPDcHDd2009-10-07iLF1l0oRD861.44 M358ep10477-10r2020-06-25w2020-06-25yLFPDZNo se presta 0010718PDaPDbPDcHDd2009-10-07iLF1l0oRD861.44 M358ep10477-20r2020-06-25te.2w2020-06-25yLFPDZNo se presta c10236d10236